| 000 | 00862nam a2200205Ia 4500 | ||
|---|---|---|---|
| 999 |
_c37768 _d37768 |
||
| 001 | 3745 | ||
| 003 | GE_BSU | ||
| 005 | 20190809175514.0 | ||
| 008 | 181216s1969||||ge |||||||||||||| ||geo|| | ||
| 040 | _cGE_BSU | ||
| 080 | _a070(479.22) | ||
| 100 |
_aტაბიძე, ნ. _93504 |
||
| 245 |
_aპირველი ქართული გაზეთი : _bსაქართველოს გაზეთი / _cრედ. ნ. ფავლენიშვილი. |
||
| 264 |
_aთბილისი : _bსაბჭოთა საქართველო, _c1969. |
||
| 300 |
_a105 გვ. ; _b16 სმ. |
||
| 653 | _a "საქართველოს გაზეთი" | ||
| 653 | _a ქართული გაზეთები | ||
| 700 |
_aფავლენიშვილი, ნ. _eრედაქტორი _93115 |
||
| 942 |
_cBK _2udc |
||